00813nam a2200133Ia 4500008004100000082001900041110006600060245013400126250000700260260001900267300001400286505026000300650011900560120629s9999 xx 000 0 und d a342.7206 M479a aMéxico. [Ley organica de la administracion publica federal] aAgenda de la administracion publica federal 2010 : compendio de leyes, reglamentos y otras disposiciones conexas sobre la materia a23 aMéxico: ISEF aIrregular aLey organica de la administracion publica federal - Ley federal de procedimiento administrativo - Ley federal de las entidades paraestatales y reglamento - Relacion de entidades paraestatales de la administracion publica federal sujetas a la ley federal d a1. DERECHO ADMINISTRATIVO-MEXICO \ 2. ADMINISTRACION PUBLICA-MEXICO \ 3. GOBIERNO FEDERAL-MEXICO--LEGISLACIONÌ